00722nam a2200229 a 450000100060000000300080000600500170001400800410003103500190007204000270009104100080011808200250012608200100015110000210016124500650018226000610024730000250030850400400033360000410037365000320041465100460044624536BD-RjUL20211209001050.0140313t1991 ii b 000 0beng d a(BD-RjUL)24603 aDLCcDLCbengdBD-RjUL aeng04a954.035092bKUL 1991 aB2201 aKumar, Ravindra,00aLife and works of Maulana Abul Kalam Azad /c Ravindra Kumar aNew Delhi :bAtlantic Publishers & Distributors,cc1991. axvi, 89 p. ;c22 cm. aIncludes bibliographical references10aĀzād, Abūlkalām,d1888-1958. 0aStatesmenzIndiavBiography 0aIndiaxPolitics and governmenty1919-1947